000
00271nam a2200097Ia 4500
001
976339
005
20250826220705.0
008
250824s9999 xx 000 0 und d
245
0
_a
MİMAR SİNAN MİMARİDEKİ OSMANLI MÜHRÜ
_c
YAVUZ BAHADIROĞLU
260
_b
PANAMA YAYINLARI
999
_c
976339
_d
976339